Estudiantes con discapacidades, dificultades de aprendizaje y desventajas: estadísticas e indicadores de los países de la OEA

保存先:
書誌詳細
共著者: OCDE (著者), Organización para la Cooperación y el Desarrollo Económicos (著者)
フォーマット: 図書
言語:スペイン語
出版事項: Ciudad de México Edebe 2007
主題:
タグ: タグ追加
タグなし, このレコードへの初めてのタグを付けませんか!

MARC

LEADER 00000nam a2200000 a 4500
001 UCI6923
003 CL-VaPUC
008 080530e20070000MX |||||||||||||||||spa|d
020 |a 9789689166047 
082 0 4 |a 371.928  |b OCD  |2 21 
110 2 |a OCDE  |e author  |9 529977 
710 2 |a Organización para la Cooperación y el Desarrollo Económicos  |e author  |9 529978 
245 1 0 |a Estudiantes con discapacidades, dificultades de aprendizaje y desventajas: estadísticas e indicadores de los países de la OEA 
300 |a 109 p 
942 |c BK 
945 |d 20080530 00:00:00  |a jtorresc 
260 |a Ciudad de México  |b Edebe  |c 2007 
600 0 7 |a OEA  |2 CL-VaPUC  |9 382207 
650 0 |a Educación especial  |9 307486 
650 7 |a DISCAPACIDADES  |2 CL-VaPUC  |9 529979 
650 0 |a Métodos de enseñanza  |9 270413 
650 0 |a Igualdad de educación   |9 335637 
650 0 |a Integración social  |9 319662 
650 0 |a Trastornos del aprendizaje  |9 307969 
583 |a last modification  |c 20080530 00:00:00  |k Rodrigo Vera 
999 |c 330359  |d 330357 
952 |0 0  |1 0  |4 0  |6 371_928000000000000_OCD_2007  |7 0  |8 A  |9 415861  |a BIBGIM  |b BIBGIM  |d 2019-11-22  |i 4444477  |o 371.928 OCD 2007  |p 4444477  |r 2025-01-15  |w 2019-11-22  |y BK  |k OCD